[Event "Nutcracker Classical 2018"]
[Site "Moscow RUS"]
[Date "2018.12.17"]
[Round "1.1"]
[White "Gelfand, Boris"]
[Black "Paravyan, David"]
[Result "1/2-1/2"]
[WhiteTitle "GM"]
[BlackTitle "GM"]
[WhiteElo "2673"]
[BlackElo "2634"]
[WhiteTeam "Kings"]
[BlackTeam "Princes"]
[WhiteFideId "2805677"]
[BlackFideId "4194985"]
[EventDate "2018.12.17"]

1. Nf3 c5 2. c4 Nf6 3. Nc3 d5 4. cxd5 Nxd5 5. e3 e6 6. Bc4 Nb6 7. Bb3 Be7 8. d4
Nc6 9. O-O O-O 10. Qe2 Bd7 11. Rd1 cxd4 12. exd4 Rc8 13. a3 Re8 14. Ba2 Qc7 15.
Be3 Na5 16. d5 Nxd5 17. Nxd5 exd5 18. Bxd5 Bf6 19. Qd2 Rcd8 20. Rac1 Nc6 21. Qc2
Be6 22. Bxe6 Rxe6 23. b4 a6 24. g3 Red6 25. Bc5 Rxd1+ 26. Rxd1 g6 27. Rxd8+ Qxd8
28. Qe4 Qd7 29. Nd2 Ne5 30. Bd4 Ng4 31. Nf3 Bxd4 32. Qxd4 Qxd4 33. Nxd4 Ne5 34.
Kf1 Kf8 35. Ke2 Ke7 36. Nb3 Nd7 37. Nd4 Ne5 38. Nb3 Nd7 39. Nd4 Ne5 1/2-1/2

[Event "Nutcracker Classical 2018"]
[Site "Moscow RUS"]
[Date "2018.12.17"]
[Round "1.2"]
[White "Najer, Evgeniy"]
[Black "Sarana, Alexey"]
[Result "0-1"]
[WhiteTitle "GM"]
[BlackTitle "GM"]
[WhiteElo "2670"]
[BlackElo "2618"]
[WhiteTeam "Kings"]
[BlackTeam "Princes"]
[WhiteFideId "4118987"]
[BlackFideId "24133795"]
[EventDate "2018.12.17"]

1. e4 c5 2. Nf3 d6 3. d4 cxd4 4. Nxd4 Nf6 5. Nc3 a6 6. Qd3 Nbd7 7. Be2 g6 8. h4
Nc5 9. Qe3 h5 10. f3 e5 11. Nb3 Be6 12. Nxc5 dxc5 13. Qg5 Nd7 14. Be3 Qb6 15.
O-O-O Bh6 16. Qxh6 Rxh6 17. Bxh6 O-O-O 18. Nd5 Bxd5 19. Rxd5 Nb8 20. Bc4 Nc6 21.
Be3 Rxd5 22. Bxd5 Nd8 23. b3 Qd6 24. Rd1 Qe7 25. Bg5 f6 26. Be3 Kc7 27. Kb2 Nc6
28. c3 Nb8 29. a4 a5 30. Bc4 Nc6 31. g4 hxg4 32. fxg4 Qh7 33. g5 Qxh4 34. gxf6
Qxf6 35. Bxc5 Qf4 36. Rf1 Qd2+ 37. Kb1 Nd8 38. Rf6 Qe1+ 39. Kb2 Qxe4 40. Bb5
Qg2+ 41. Kb1 Qh1+ 42. Kb2 Qg2+ 43. Kb1 Qd5 44. Bb6+ Kc8 45. Kc2 Qg2+ 46. Kb1 Qd5
47. Kc2 Qg2+ 48. Kb1 Nc6 49. Rf7 Qh1+ 50. Kb2 Qh2+ 51. Rf2 Qh7 52. Bc4 Qe7 53.
Rf7 Qd6 54. Rg7 e4 55. Rc7+ Kb8 56. Rh7 Qd2+ 57. Kb1 Qxc3 58. Rf7 Qe1+ 59. Kb2
Qd2+ 60. Kb1 Qd1+ 61. Kb2 Qd6 62. Bd5 Qe5+ 63. Kb1 Kc8 64. Rc7+ Qxc7 65. Bxc7
Kxc7 66. Bxe4 g5 67. Kc2 Kd6 68. Kd3 Kc5 69. Bg2 g4 70. Ke3 b6 71. Bf1 Nd4 72.
Bc4 g3 73. Bg8 Kb4 74. Kxd4 0-1

[Event "Nutcracker Classical 2018"]
[Site "Moscow RUS"]
[Date "2018.12.17"]
[Round "1.3"]
[White "Esipenko, Andrey"]
[Black "Leko, Peter"]
[Result "1-0"]
[WhiteTitle "GM"]
[BlackTitle "GM"]
[WhiteElo "2593"]
[BlackElo "2669"]
[WhiteTeam "Princes"]
[BlackTeam "Kings"]
[WhiteFideId "24175439"]
[BlackFideId "703303"]
[EventDate "2018.12.17"]

1. d4 Nf6 2. Nf3 e6 3. c4 d5 4. Nc3 Bb4 5. Bg5 h6 6. Bxf6 Qxf6 7. Qa4+ Nc6 8. e3
O-O 9. Rd1 Rd8 10. Qb3 Qg6 11. h3 dxc4 12. Bxc4 Bxc3+ 13. Qxc3 Bd7 14. Bd3 Qh5
15. a3 Qa5 16. b4 Qb6 17. O-O a5 18. b5 Na7 19. Rb1 Nxb5 20. Bxb5 Bxb5 21. Rfc1
Qa6 22. Qxc7 Rd7 23. Qc3 f6 24. Nd2 Bd3 25. Rb3 a4 26. Rb4 Rad8 27. Qb2 Re7 28.
Rb6 Qa8 29. Qb4 Rde8 30. Rc3 Bg6 31. Nc4 Rc7 32. Nd6 Rxc3 33. Qxc3 Re7 34. Qb2
Kh7 35. Rxb7 Rxb7 36. Qxb7 Qa5 37. Qb2 Qd5 38. Qb4 Bd3 39. Qc5 Qa2 40. Ne8 Qb1+
41. Kh2 Bg6 42. Nc7 Qb8 43. Qe7 h5 44. h4 Bd3 45. Qc5 Kh6 46. Qd6 Kh7 47. f3 Bf1
48. Qg3 Bc4 49. Qd6 Bf1 50. Kg1 Bd3 51. e4 Be2 52. d5 e5 53. Qd7 Qb1+ 54. Kh2
Qe1 55. d6 Bxf3 56. Qf5+ Kh6 57. Qxf3 Qxh4+ 58. Kg1 Qe1+ 59. Qf1 Qxe4 60. Qc1+
g5 61. Qd2 1-0

[Event "Nutcracker Classical 2018"]
[Site "Moscow RUS"]
[Date "2018.12.17"]
[Round "1.4"]
[White "Lomasov, Semyon"]
[Black "Short, Nigel D"]
[Result "1/2-1/2"]
[WhiteTitle "IM"]
[BlackTitle "GM"]
[WhiteElo "2553"]
[BlackElo "2646"]
[WhiteTeam "Princes"]
[BlackTeam "Kings"]
[WhiteFideId "24164879"]
[BlackFideId "400025"]
[EventDate "2018.12.17"]

1. e4 e5 2. Nf3 Nc6 3. Bb5 a6 4. Ba4 Nf6 5. O-O Be7 6. Re1 b5 7. Bb3 O-O 8. c3
d6 9. h3 Na5 10. Bc2 c5 11. d4 Nd7 12. Nbd2 cxd4 13. cxd4 Nc6 14. Nb3 a5 15. Be3
a4 16. Nbd2 exd4 17. Nxd4 Nxd4 18. Bxd4 Bf6 19. Nf3 Ba6 20. b3 axb3 21. axb3 Re8
22. b4 Bb7 23. Rxa8 Bxa8 24. Qd3 g6 25. Qxb5 Bxd4 26. Nxd4 Nf6 27. Qg5 Re5 28.
Qh4 Qe7 29. Re3 d5 30. Ra3 Bb7 31. Ra7 Nxe4 32. Qxe7 Rxe7 33. Bxe4 Rxe4 34. Rxb7
Rxd4 35. b5 Rb4 36. b6 Rb1+ 37. Kh2 d4 38. g3 d3 39. Rd7 Rxb6 40. Rxd3 h5 1/2-1/2

[Event "Nutcracker Classical 2018"]
[Site "Moscow RUS"]
[Date "2018.12.18"]
[Round "2.2"]
[White "Najer, Evgeniy"]
[Black "Lomasov, Semyon"]
[Result "1/2-1/2"]
[WhiteTitle "GM"]
[BlackTitle "IM"]
[WhiteElo "2670"]
[BlackElo "2553"]
[WhiteTeam "Kings"]
[BlackTeam "Princes"]
[WhiteFideId "4118987"]
[BlackFideId "24164879"]
[EventDate "2018.12.17"]

1. d4 Nf6 2. Nf3 e6 3. Bf4 c5 4. e3 d5 5. c3 Bd6 6. Bg3 O-O 7. Nbd2 Qc7 8. dxc5
Qxc5 9. Bd3 Nbd7 10. e4 Bxg3 11. hxg3 dxe4 12. Bxe4 h6 13. Qe2 Rb8 14. Bc2 b6
15. Nd4 Bb7 16. f3 Qe5 17. Qxe5 Nxe5 18. O-O-O Rfd8 19. Rhe1 Nc6 20. Nxc6 Bxc6
21. Nc4 Kf8 22. Ne5 Be8 23. c4 Ke7 24. b4 Rxd1+ 25. Rxd1 Rc8 26. Kd2 Nd7 27.
Nxd7 Bxd7 28. Kc3 e5 29. Rxd7+ Kxd7 30. Bf5+ Kc7 31. Bxc8 Kxc8 32. f4 exf4 33.
gxf4 Kd7 34. Kd4 Kd6 35. f5 a5 36. a3 h5 37. Ke4 g5 38. fxg6 fxg6 39. Kf4 h4 40.
Kg5 Ke5 41. Kxg6 Kd4 42. c5 bxc5 43. bxa5 c4 44. a6 c3 45. a7 c2 46. a8=Q c1=Q
47. Qd8+ Ke4 48. Qxh4+ Kd3 49. Qf6 Ke2 50. Qf3+ Ke1 51. Qe4+ Kd1 52. a4 Qc5 53.
g4 Qd6+ 54. Kf5 Qf8+ 55. Kg5 Qd8+ 56. Kf4 Qb8+ 57. Ke3 Qb3+ 58. Kf2 Qb6+ 59. Kf1
Qf6+ 60. Kg2 Qd8 61. Qc4 Qd2+ 62. Kf1 Qe1+ 63. Kg2 Qd2+ 64. Kf3 Qc3+ 65. Qxc3 1/2-1/2

[Event "Nutcracker Classical 2018"]
[Site "Moscow RUS"]
[Date "2018.12.18"]
[Round "2.3"]
[White "Paravyan, David"]
[Black "Leko, Peter"]
[Result "1/2-1/2"]
[WhiteTitle "GM"]
[BlackTitle "GM"]
[WhiteElo "2634"]
[BlackElo "2669"]
[WhiteTeam "Princes"]
[BlackTeam "Kings"]
[WhiteFideId "4194985"]
[BlackFideId "703303"]
[EventDate "2018.12.17"]

1. e4 e5 2. Nf3 Nc6 3. Bb5 Nf6 4. d3 Bc5 5. h3 O-O 6. O-O Nd4 7. Nxd4 Bxd4 8. c3
Bb6 9. Bg5 h6 10. Bh4 d6 11. Nd2 a6 12. Bc4 g5 13. Bg3 Kg7 14. d4 Nd7 15. Nf3 f6
16. Be6 Re8 17. Bf5 Nf8 18. Bxc8 Qxc8 19. Re1 Ng6 20. Qd3 Qe6 21. Nd2 Kh7 22. b3
Ba7 23. Rad1 Rf8 24. Nc4 Rae8 25. Qf3 Ne7 26. Ne3 b5 27. h4 Kg7 28. Qh5 Rd8 29.
Ng4 Rh8 30. dxe5 fxe5 31. hxg5 hxg5 32. Qxg5+ Kf7 33. Rd3 Rdf8 34. Rf3+ Ke8 35.
Rxf8+ Rxf8 36. Qh5+ Kd7 37. Ne3 Rg8 38. Qh3 Qxh3 39. gxh3 Ke6 40. Kh2 Bxe3 41.
Rxe3 Rf8 42. h4 Ng8 43. Kh3 Nf6 44. f4 Rg8 45. c4 b4 46. c5 a5 47. c6 Ra8 48.
Re2 Ra6 49. fxe5 dxe5 50. Rc2 Nxe4 51. h5 Ra8 52. Bh4 Kf5 53. Rg2 Rh8 54. Rg7
Rxh5 55. Rf7+ Ke6 56. Rxc7 Kd6 57. Rc8 1/2-1/2

[Event "Nutcracker Classical 2018"]
[Site "Moscow RUS"]
[Date "2018.12.18"]
[Round "2.4"]
[White "Sarana, Alexey"]
[Black "Short, Nigel D"]
[Result "1/2-1/2"]
[WhiteTitle "GM"]
[BlackTitle "GM"]
[WhiteElo "2618"]
[BlackElo "2646"]
[WhiteTeam "Princes"]
[BlackTeam "Kings"]
[WhiteFideId "24133795"]
[BlackFideId "400025"]
[EventDate "2018.12.17"]

1. d4 e6 2. Nf3 Nf6 3. c4 Bb4+ 4. Bd2 Bxd2+ 5. Qxd2 O-O 6. g3 d5 7. Bg2 Nbd7 8.
O-O c6 9. Rc1 a5 10. Qf4 b6 11. Nbd2 Bb7 12. e4 dxe4 13. Nxe4 c5 14. Nd6 Bc6 15.
Re1 Qb8 16. Rad1 Nh5 17. Qg5 Qxd6 18. Qxh5 Rad8 19. dxc5 Qxc5 20. Qxc5 Nxc5 21.
Ne5 Bxg2 22. Kxg2 Na4 23. b4 axb4 24. Rb1 Rd6 25. Rxb4 Ra8 26. Reb1 g5 27. R1b3
Nc5 28. Rxb6 Rxb6 29. Rxb6 Rxa2 30. Kf3 Ra3+ 31. Ke2 h5 32. Rb5 Ne4 33. Rb8+ Kg7
34. Rb7 Ra2+ 35. Ke3 Nd6 36. Rd7 Nf5+ 37. Kd3 Kf6 38. f4 gxf4 39. gxf4 Ra3+ 40.
Ke2 Ra2+ 41. Kf3 Ra3+ 42. Ke2 Ra2+ 43. Kd3 Ra3+ 44. Kd2 Ra2+ 45. Kc3 Ne7 46. c5
Ra4 47. c6 Rxf4 48. c7 Nc8 49. Nxf7 Nb6 50. Nd6 Rh4 51. Kd3 Rh3+ 52. Ke4 Rh4+
53. Kd3 Rh3+ 54. Ke4 Rxh2 55. Ne8+ Kg5 56. Rd6 Nc8 57. Rd8 Ne7 58. Rd7 Nc8 59.
Rd8 Ne7 60. Ke5 h4 61. Ng7 Rc2 62. Nxe6+ Kg4 63. Rd4+ Kg3 64. Rd3+ Kg4 65. Kf6
Ng8+ 66. Kg7 Ne7 67. Rd4+ Kg3 68. Rd3+ Kg4 69. Kf8 Nf5 70. Rd2 Rc3 71. Ra2 Nd6
72. Ke7 Nb5 73. Kd7 1/2-1/2

[Event "Nutcracker Classical 2018"]
[Site "Moscow RUS"]
[Date "2018.12.19"]
[Round "3.1"]
[White "Sarana, Alexey"]
[Black "Gelfand, Boris"]
[Result "1-0"]
[WhiteTitle "GM"]
[BlackTitle "GM"]
[WhiteElo "2618"]
[BlackElo "2673"]
[WhiteTeam "Princes"]
[BlackTeam "Kings"]
[WhiteFideId "24133795"]
[BlackFideId "2805677"]
[EventDate "2018.12.17"]

1. d4 Nf6 2. c4 e6 3. Nf3 d5 4. Nc3 c6 5. Bg5 h6 6. Bh4 dxc4 7. e4 g5 8. Bg3 b5
9. h4 g4 10. Ne5 Nbd7 11. Nxc6 Qb6 12. d5 Bb7 13. a4 a6 14. Be2 Bxc6 15. dxc6
Qxc6 16. axb5 axb5 17. Rxa8+ Qxa8 18. O-O Nxe4 19. Nxe4 Qxe4 20. Bxg4 Bg7 21.
Bf3 Qd4 22. Bc6 Ke7 23. Qxd4 Bxd4 24. Bxd7 Rg8 25. Bh2 b4 26. Bb5 Bxb2 27. Bxc4
Rg4 28. Bb3 Rxh4 29. Rd1 Bc3 30. Bd6+ Kf6 31. Bc5 Rh5 32. Be3 Kg7 33. Rd7 Re5
34. g3 h5 35. Rc7 Kg6 36. Bc2+ f5 37. Kg2 Ra5 38. Bb3 1-0

[Event "Nutcracker Classical 2018"]
[Site "Moscow RUS"]
[Date "2018.12.19"]
[Round "3.2"]
[White "Esipenko, Andrey"]
[Black "Najer, Evgeniy"]
[Result "1/2-1/2"]
[WhiteTitle "GM"]
[BlackTitle "GM"]
[WhiteElo "2593"]
[BlackElo "2670"]
[WhiteTeam "Princes"]
[BlackTeam "Kings"]
[WhiteFideId "24175439"]
[BlackFideId "4118987"]
[EventDate "2018.12.17"]

1. e4 e5 2. Nf3 Nc6 3. Bb5 Nf6 4. O-O Nxe4 5. Re1 Nd6 6. Nxe5 Nxe5 7. Rxe5+ Be7
8. Bf1 O-O 9. Nc3 Ne8 10. Nd5 Bd6 11. Re1 c6 12. Ne3 Be7 13. Nf5 Bf6 14. Qe2 Nc7
15. Nd6 Ne6 16. c3 Qc7 17. Nxc8 Raxc8 18. d4 d5 19. Qg4 g6 20. Be3 Rce8 21. Rad1
h5 22. Qe2 Qd8 23. Qd2 Ng5 24. f3 h4 25. Qf2 Re6 26. Bd2 Rfe8 27. Rxe6 Rxe6 28.
Re1 Rxe1 29. Bxe1 Qa5 30. a3 Qa4 31. Qe2 Qb3 32. Bf2 Qa2 33. Be3 Qb1 34. Qd2 Ne6
35. g3 Qf5 36. Qd1 hxg3 37. hxg3 Ng5 38. Bg2 Be7 39. Kh2 Bd6 40. Qe2 Qf6 41.
Bxg5 Qxg5 1/2-1/2

[Event "Nutcracker Classical 2018"]
[Site "Moscow RUS"]
[Date "2018.12.19"]
[Round "3.3"]
[White "Leko, Peter"]
[Black "Lomasov, Semyon"]
[Result "1/2-1/2"]
[WhiteTitle "GM"]
[BlackTitle "IM"]
[WhiteElo "2669"]
[BlackElo "2553"]
[WhiteTeam "Kings"]
[BlackTeam "Princes"]
[WhiteFideId "703303"]
[BlackFideId "24164879"]
[EventDate "2018.12.17"]

1. d4 Nf6 2. c4 e6 3. Nf3 b6 4. g3 Ba6 5. b3 Bb4+ 6. Bd2 Be7 7. Nc3 d5 8. cxd5
exd5 9. Bg2 O-O 10. O-O Nbd7 11. Qc2 Rc8 12. Rfd1 Re8 13. Qb2 Bd6 14. Bf4 Bb4
15. Ne5 Bxc3 16. Qxc3 c5 17. Bf3 Nxe5 18. Bxe5 Nd7 19. Qd2 Nxe5 20. dxe5 d4 21.
e3 Rxe5 22. exd4 cxd4 23. Qf4 Qe7 24. Qxd4 Qf6 25. Kg2 Rce8 26. Rac1 h5 27. h4
Qf5 28. Qf4 Qxf4 29. gxf4 Rf5 30. Rd4 Re7 31. Kg3 g6 32. Rcd1 Rc7 33. Be4 Rfc5
34. Rd7 Rc3+ 35. f3 Bc8 36. Rxc7 Rxc7 37. Kf2 Kf8 38. Ke3 Ke7 39. Rd2 Be6 40.
Rc2 Rxc2 41. Bxc2 1/2-1/2

[Event "Nutcracker Classical 2018"]
[Site "Moscow RUS"]
[Date "2018.12.19"]
[Round "3.4"]
[White "Short, Nigel D"]
[Black "Paravyan, David"]
[Result "1-0"]
[WhiteTitle "GM"]
[BlackTitle "GM"]
[WhiteElo "2646"]
[BlackElo "2634"]
[WhiteTeam "Kings"]
[BlackTeam "Princes"]
[WhiteFideId "400025"]
[BlackFideId "4194985"]
[EventDate "2018.12.17"]

1. e4 c5 2. Nf3 d6 3. d4 cxd4 4. Nxd4 Nf6 5. Nc3 a6 6. a3 e5 7. Nf3 Be7 8. Bg5
Be6 9. Bxf6 Bxf6 10. Nd5 O-O 11. Bc4 Nc6 12. O-O Rc8 13. Ba2 g6 14. c3 Bg7 15.
Qd3 Ne7 16. Rfd1 Nxd5 17. Bxd5 Bxd5 18. Qxd5 Qb6 19. Rab1 Rfd8 20. Qa2 Bf6 21.
Rd5 Rc5 22. Rbd1 Rxd5 23. Rxd5 Rc8 24. Ne1 Qc6 25. Qb1 Be7 26. Nc2 Qa4 27. Ne3
Kg7 28. Rd1 Qb3 29. Nd5 Bd8 30. g3 Bb6 31. Rd2 Bc5 32. Qd3 Rf8 33. g4 f6 34. h3
a5 35. Kg2 a4 36. Qe2 Kh8 37. h4 f5 38. exf5 gxf5 39. gxf5 Rxf5 40. f4 Rf8 41.
Kh2 Rg8 42. fxe5 Qa2 43. Qf1 Bg1+ 44. Kh3 1-0

[Event "Nutcracker Classical 2018"]
[Site "Moscow RUS"]
[Date "2018.12.20"]
[Round "4.1"]
[White "Lomasov, Semyon"]
[Black "Gelfand, Boris"]
[Result "1/2-1/2"]
[WhiteTitle "IM"]
[BlackTitle "GM"]
[WhiteElo "2553"]
[BlackElo "2673"]
[WhiteTeam "Princes"]
[BlackTeam "Kings"]
[WhiteFideId "24164879"]
[BlackFideId "2805677"]
[EventDate "2018.12.17"]

1. e4 c5 2. Nf3 Nc6 3. Bb5 g6 4. Bxc6 bxc6 5. O-O Bg7 6. Re1 Nh6 7. c3 O-O 8. h3
f5 9. e5 Nf7 10. d3 d6 11. Bf4 Ba6 12. Na3 Rb8 13. Qa4 Bxd3 14. Rad1 Bb5 15. Qc2
Qc7 16. e6 Nd8 17. Nxb5 cxb5 18. Bxd6 exd6 19. e7 Re8 20. exd8=Q Rexd8 21. Ng5
Qc6 22. Re6 Bh6 23. Qd2 Rb7 24. h4 Rg7 25. Qe3 Bxg5 26. Qxg5 Qc7 27. Rde1 Rf8
28. Re7 h6 29. Qe3 Rxe7 30. Qxe7 Qxe7 31. Rxe7 d5 32. Rd7 d4 33. cxd4 cxd4 34.
Rxd4 Rc8 35. g3 Rc2 36. a4 Rxb2 37. axb5 Rxb5 38. Rd8+ Kg7 39. Rd7+ Kf6 40. Rxa7
h5 1/2-1/2

[Event "Nutcracker Classical 2018"]
[Site "Moscow RUS"]
[Date "2018.12.20"]
[Round "4.2"]
[White "Paravyan, David"]
[Black "Najer, Evgeniy"]
[Result "1/2-1/2"]
[WhiteTitle "GM"]
[BlackTitle "GM"]
[WhiteElo "2634"]
[BlackElo "2670"]
[WhiteTeam "Princes"]
[BlackTeam "Kings"]
[WhiteFideId "4194985"]
[BlackFideId "4118987"]
[EventDate "2018.12.17"]

1. d4 Nf6 2. c4 e6 3. Nc3 Bb4 4. Qc2 O-O 5. a3 Bxc3+ 6. Qxc3 b6 7. Bg5 Bb7 8.
Nh3 h6 9. Bh4 c5 10. dxc5 bxc5 11. Bxf6 Qxf6 12. Qxf6 gxf6 13. O-O-O Rd8 14. Nf4
Nc6 15. Nh5 Ne5 16. Nxf6+ Kf8 17. f4 Nxc4 18. Nxd7+ Ke7 19. Nxc5 Rxd1+ 20. Kxd1
Nxb2+ 21. Ke1 Bc6 22. e4 Kd6 23. Nd3 Rb8 24. e5+ Ke7 25. Nb4 Be4 26. Ba6 Na4 27.
Kf2 Nc5 28. Re1 Ba8 29. Re2 Rb6 30. Bc4 a5 31. Nc2 Rb1 32. Ke3 Na4 33. Nd4 Nb6
34. Ba2 Ra1 35. Nb5 Bd5 36. Nc3 Bxa2 37. Rxa2 Nc4+ 38. Kd3 Rxa2 39. Nxa2 Nxa3
40. Nc3 h5 41. g3 f6 42. h3 f5 43. Na4 Nb5 44. Kc4 Na3+ 45. Kd3 Nb5 46. Kc4 1/2-1/2

[Event "Nutcracker Classical 2018"]
[Site "Moscow RUS"]
[Date "2018.12.20"]
[Round "4.3"]
[White "Leko, Peter"]
[Black "Sarana, Alexey"]
[Result "1/2-1/2"]
[WhiteTitle "GM"]
[BlackTitle "GM"]
[WhiteElo "2669"]
[BlackElo "2618"]
[WhiteTeam "Kings"]
[BlackTeam "Princes"]
[WhiteFideId "703303"]
[BlackFideId "24133795"]
[EventDate "2018.12.17"]

1. d4 Nf6 2. c4 e6 3. Nf3 d5 4. Nc3 Nbd7 5. cxd5 exd5 6. Bg5 Be7 7. e3 O-O 8.
Bd3 Re8 9. O-O c6 10. Qc2 Nf8 11. h3 g6 12. Bh6 Ne6 13. Ne5 Ng7 14. g4 Nd7 15.
f4 Bb4 16. Qf2 f6 17. Nf3 Nf8 18. Nh4 f5 19. Bxg7 Kxg7 20. gxf5 Be7 21. Nf3 Bxf5
22. Bxf5 gxf5 23. Kh2 Bf6 24. Rg1+ Kh8 25. Ne5 Qe7 26. Qc2 Ne6 27. Qxf5 Bxe5 28.
dxe5 Rf8 29. Qg4 d4 30. Ne2 dxe3 31. Rg3 Rad8 32. f5 Rg8 33. Qf3 Rxg3 34. Qxg3
Rd2 35. Re1 Nd4 36. f6 Qxe5 37. Qxe5 Nf3+ 38. Kg3 Nxe5 39. Nc3 Nc4 40. b3 Nd6
41. Kf4 Kg8 42. Rxe3 Kf7 43. Re7+ Kxf6 44. Rxh7 Rc2 1/2-1/2

[Event "Nutcracker Classical 2018"]
[Site "Moscow RUS"]
[Date "2018.12.20"]
[Round "4.4"]
[White "Short, Nigel D"]
[Black "Esipenko, Andrey"]
[Result "1/2-1/2"]
[WhiteTitle "GM"]
[BlackTitle "GM"]
[WhiteElo "2646"]
[BlackElo "2593"]
[WhiteTeam "Kings"]
[BlackTeam "Princes"]
[WhiteFideId "400025"]
[BlackFideId "24175439"]
[EventDate "2018.12.17"]

1. e4 c6 2. d4 d5 3. e5 Bf5 4. Nf3 e6 5. a3 Nd7 6. c4 Ne7 7. Nc3 h6 8. h3 dxc4
9. Bxc4 Nd5 10. Nxd5 cxd5 11. Bd3 Bxd3 12. Qxd3 Be7 13. O-O Nb8 14. Bd2 Nc6 15.
Bc3 Qd7 16. Nd2 O-O 17. f4 f5 18. exf6 Rxf6 19. g3 Bd6 20. Nf3 Raf8 21. Kg2 Rc8
22. Rae1 Nd8 23. Bd2 a6 24. Rc1 Rf8 25. Rxc8 Qxc8 26. Rc1 Qd7 27. Re1 Nc6 28.
Re2 Rf6 29. Bc3 Ne7 30. Bb4 Bxb4 31. axb4 Nf5 32. Ne5 Qa4 33. g4 Nd6 34. Qe3 Ne4
35. Nd3 Qb3 36. h4 Nd6 37. h5 Ne4 38. Qf3 Qd1 39. Qe3 Rf8 40. Kh2 b6 41. Nf2
Nxf2 42. Qxe6+ Kh8 43. Rxf2 Qxd4 44. Kg3 Qd3+ 45. Rf3 Qd1 46. Qxb6 d4 47. Qxa6
Re8 48. Qc6 Qe1+ 49. Kh3 Qe2 50. g5 hxg5 51. fxg5 Kh7 52. Qg6+ Kh8 53. Qd3 Qe6+
54. Qf5 Qe1 55. h6 Qh1+ 56. Kg3 Qg1+ 57. Kh3 Qh1+ 58. Kg3 Qg1+ 59. Kh4 Qh1+ 60.
Qh3 Qe1+ 61. Kh5 Qe2 62. hxg7+ Kxg7 63. Qd7+ Kg8 64. Qf7+ Kh8 65. Qf6+ Kg8 66.
Qf7+ Kh8 67. Qf6+ Kg8 68. Qf7+ Kh8 69. Qf6+ Kg8 70. Qg6+ Kh8 71. Qf6+ 1/2-1/2